60 tips on object oriented programming / (Record no. 9188)
[ view plain ]
| 000 -LEADER | |
|---|---|
| fixed length control field | 00666 a2200205 4500 |
| 010 ## - LIBRARY OF CONGRESS CONTROL NUMBER | |
| LC control number | ENG-88785 |
| 020 ## - INTERNATIONAL STANDARD BOOK NUMBER | |
| Terms of availability | 250.00 |
| International Standard Book Number | 9780070656703 |
| 035 ## - SYSTEM CONTROL NUMBER | |
| System control number | EN-72318 |
| 037 ## - SOURCE OF ACQUISITION | |
| Source of stock number/acquisition | DBAD / PUB |
| 082 14 - DEWEY DECIMAL CLASSIFICATION NUMBER | |
| Classification number | 005.13 |
| 090 ## - LOCALLY ASSIGNED LC-TYPE CALL NUMBER (OCLC); LOCAL CALL NUMBER (OCLC) | |
| -- | 9358 |
| -- | 9358 |
| 100 1# - MAIN ENTRY--PERSONAL NAME | |
| Personal name | Ganesh, S.G. |
| 245 1# - TITLE STATEMENT | |
| Title | 60 tips on object oriented programming / |
| Statement of responsibility, etc | by S.G. Ganesh |
| 246 ## - VARYING FORM OF TITLE | |
| Title proper/short title | sixty tips on object oriented programming |
| 260 ## - PUBLICATION, DISTRIBUTION, ETC. (IMPRINT) | |
| Place of publication, distribution, etc | New Delhi |
| Name of publisher, distributor, etc | Tata McGraw-Hill Publishing |
| Date of publication, distribution, etc | 2008 |
| 300 ## - PHYSICAL DESCRIPTION | |
| Extent | xix, 224p. |
| Dimensions | 23cm (pbk ) |
| 500 ## - GENERAL NOTE | |
| General note | Includes index |
| 942 ## - ADDED ENTRY ELEMENTS (KOHA) | |
| Institution code [OBSOLETE] | dpl |
| Koha item type | English Books |
| Call number prefix | 005.13 / GAN |
| Withdrawn status | Lost status | Source of classification or shelving scheme | Damaged status | Not for loan | Collection code | Home library | Current library | Source of acquisition | Cost, normal purchase price | Total Checkouts | Full call number | Barcode | Date last seen | Copy number | Uniform Resource Identifier | Cost, replacement price | Price effective from | Koha item type |
|---|---|---|---|---|---|---|---|---|---|---|---|---|---|---|---|---|---|---|
| Dewey Decimal Classification | Not For Loan | Non-fiction | D.B.Act.Division | D.B.Act.Division | DBAD/PUB | 250.00 | 005.13 GAN | EN-72318 | 15/09/2008 | 1 | 10148 | 250.00 | 15/09/2008 | English Books |
